000 00292nam a22001337a 4500
008 171019b xxu||||| |||| 00| 0 eng d
020 _a9780538859486
041 _aeng
080 _a338
100 _a54
101 _aMEN
245 _aINDUSTRIAL ORGANIZATION
_cPEPALL,L
942 _2udc
_cBK
999 _c35013
_d35013